| 000 | 02720nam a2200493 c 4500 | ||
|---|---|---|---|
| 001 | 3684 | ||
| 003 | ES-MaCES | ||
| 005 | 20141221121656.0 | ||
| 008 | 971031s1997 sp ||| | spa d | ||
| 017 |
_aM-34323-97 _bDL |
||
| 020 | _a8474254825 | ||
| 024 | 7 |
_a211-97-030-7 _2nipo |
|
| 035 | _aCES19980037101m | ||
| 040 |
_aES-MaCES _bspa _cES-MaCES |
||
| 110 | 1 |
_aEspaña _tLey de prevención de riesgos laborales _d1995 _93029 |
|
| 245 | 1 | 0 |
_aLey de prevención de riesgos laborales y normativa de desarrollo _b: textos íntegros |
| 260 |
_a[Madrid] _bInstituto Nacional de Seguridad e Higiene en el Trabajo _cD.L. 1997 |
||
| 300 |
_a1 archivador (13 cuadernillos) _c31 cm |
||
| 490 | 1 |
_aLegislación sobre seguridad y salud en el trabajo _v1-13 |
|
| 500 | _aEdición especial para la II Semana Europea para la Seguridad y Salud en el Trabajo financiado por la Comisión Europea | ||
| 505 | 0 | _aContiene: I. Ley de prevención de riesgos laborales -- II. Reglamento de los servicios de prevención y Orden de desarrollo -- III. Señalización de seguridad y salud en el trabajo -- IV. Lugares de trabajo -- V. Manipulación de cargas --VI. Pantallas de visualización -- VII. Actividades de prevención de las mutuas de A.T. y E.P. -- VIII. Agentes biológicos -- IX. Agentes cancerígenos -- X. Utilización de equipos de protección individual - - XI. Utilización de equipos de trabajo -- XII. Buques de pes ca -- XIII. Obras de construcción | |
| 541 | _cGratuito | ||
| 650 | 4 |
_aseguridad en el trabajo _928348 |
|
| 650 | 4 |
_asalud en el trabajo _928347 |
|
| 650 | 4 |
_alesión profesional _929813 |
|
| 650 | 4 |
_ariesgo _929564 |
|
| 650 | 4 |
_aequipo de protección _930037 |
|
| 650 | 4 |
_aEspaña _926964 |
|
| 650 | 4 |
_a1995 _930872 |
|
| 650 | 4 |
_a1997 _930803 |
|
| 650 | 4 |
_alegislación del trabajo _927166 |
|
| 650 | 4 |
_atexto _929624 |
|
| 653 | 1 | 0 | _aLegislación |
| 710 | 2 |
_aInstituto Nacional de Seguridad e Higiene en el Trabajo (España) _eed. _94298 |
|
| 710 | 1 |
_aEspaña _bMinisterio de Trabajo y Asuntos Sociales _93273 |
|
| 711 | 2 |
_aSemana Europea para la Seguridad y Salud en el Trabajo _n2ª _d1997 _cMadrid _9122 |
|
| 787 | 0 |
_tGuía técnica para la evaluación y prevención de los riesgos relativos a la utilización de los equipos de trabajo _w(ES-MaCES)10973 |
|
| 787 | 0 |
_tGuía técnica [para la] señalización de seguridad y salud en el trabajo _w(ES-MaCES)10975 |
|
| 787 | 0 |
_tGuía técnica para la utilización por los trabajadores en el trabajo de los equipos de protección individual _w(ES-MaCES)10974 |
|
| 830 | 0 |
_aLegislación sobre seguridad y salud en el trabajo _v1-13 _932622 |
|
| 902 | _aLIB Libro | ||
| 942 |
_2CES _cBK _h6.1. |
||
| 999 |
_c3684 _d3684 |
||